000 00581nam a2200181 4500
999 _c189037
_d189037
005 20220609165244.0
010 _aENG-133206
020 _a9789390577149
_c835.00
035 _aEN-116738
037 _bDBAD/PUB
082 _a530
100 _aSardana, Rahul
245 _aJEE Advanced Physics:
_bMechanics-II/
_cRahul Sardana
260 _aNoida
_bPearson India Education Services Pvt. Ltd.
_c2021
270 _a15th Floor, Tower-B, World Trade Tower, Plot No.1, Block-C, Sector 16
_bNoida
_e201301
300 _aV.p.
_c25cm(pbk)
942 _2ddc
_cEN
_h530
_mSAR